[Event "Chiemgau Seniors Cup 3th"]
[Site "Bergen"]
[Date "2007.10.27"]
[Round "6"]
[White "Pauly, Rolf"]
[Black "Weigel, Herbert"]
[Result "1/2-1/2"]
[WhiteElo "1755"]
[BlackElo "1967"]
[PlyCount "98"]
[EventDate "2007.10.22"]
[EventType "swiss"]
[EventRounds "9"]
[EventCountry "GER"]
[SourceTitle "EXT 2008"]
[Source "ChessBase"]
[SourceDate "2007.11.25"]
[SourceVersion "1"]
[SourceVersionDate "2007.11.25"]
[SourceQuality "1"]

1. c4 e5 2. Nc3 d6 3. e4 f5 4. exf5 Bxf5 5. d3 Nf6 6. Bg5 Be7 7. Nf3 0-0 8. Be2 Nbd7 9. a3 a5 10. 0-0 c6 11. Qb3 Nc5 12. Qd1 a4 13. Nh4 Be6 14. Rb1 h6 15. Be3 Nfd7 16. Ng6 Rf6 17. Nxe7+ Qxe7 18. d4 exd4 19. Bxd4 Rff8 20. Re1 Qf7 21. Bxc5 Nxc5 22. f3 Bf5 23. Ra1 Be6 24. Qxd6 Nb3 25. Rad1 Bxc4 26. Bxc4 Qxc4 27. Qe6+ Qxe6 28. Rxe6 Nc5 29. Re5 b6 30. Rd6 Rac8 31. Kf1 Rfd8 32. Rxd8+ Rxd8 33. Re2 Kf7 34. g3 b5 35. Rc2 Nb3 36. Kf2 Rd2+ 37. Rxd2 Nxd2 38. Ke2 Nc4 39. Nd1 Ke6 40. f4 Kd5 41. Kd3 Nd6 42. Ne3+ Ke6 43. h3 c5 44. g4 g6 45. Kc2 h5 46. Kd3 hxg4 47. hxg4 Ne8 48. f5+ gxf5 49. Nxf5 Ke5 1/2-1/2

[Event "Chiemgau Seniors Cup 3th"]
[Site "Bergen"]
[Date "2007.10.23"]
[Round "2"]
[White "Pauly, Rolf"]
[Black "Koenig, Karl"]
[Result "1-0"]
[WhiteElo "1755"]
[BlackElo "1547"]
[PlyCount "125"]
[EventDate "2007.10.22"]
[EventType "swiss"]
[EventRounds "9"]
[EventCountry "GER"]
[SourceTitle "EXT 2008"]
[Source "ChessBase"]
[SourceDate "2007.11.25"]
[SourceVersion "1"]
[SourceVersionDate "2007.11.25"]
[SourceQuality "1"]

1. c4 Nf6 2. Nf3 c6 3. b3 d6 4. Bb2 e5 5. d3 Bg4 6. e4 Be7 7. Be2 0-0 8. 0-0 h6 9. h3 Be6 10. Nh2 Qc7 11. Nc3 Nbd7 12. a3 a6 13. Bc1 d5 14. Qc2 d4 15. Nd1 Bd6 16. g4 Nh7 17. Nf3 Be7 18. Kg2 g5 19. Nh2 Kg7 20. Rg1 Rh8 21. Nf1 Ndf8 22. Ng3 Nf6 23. f3 Ng6 24. Nf5+ Bxf5 25. gxf5 Nh4+ 26. Kh1 Rag8 27. Nf2 Kf8 28. Bd2 Nh7 29. b4 Nf6 30. Qb2 Kg7 31. Qc1 Kf8 32. a4 Qd7 33. Ng4 Nxg4 34. fxg4 f6 35. c5 Qe8 36. Rg3 Qf7 37. Qb2 Kg7 38. Bd1 Rb8 39. Bb3 Qe8 40. a5 Rc8 41. Be1 Rc7 42. Qe2 h5 43. Bd1 hxg4 44. Qxg4 Rh6 45. Ra2 Qh8 46. Rh2 Kf8 47. Qe2 Bd8 48. Qa2 Qg8 49. Qxg8+ Kxg8 50. Rg4 Rch7 51. Bb3+ Kf8 52. Bxh4 Rxh4 53. Rxh4 Rxh4 54. Be6 Rh7 55. Kg2 Ke7 56. Kg3 Rg7 57. Rg2 Rh7 58. Kh2 Bc7 59. Rg4 Kf8 60. Kg3 Rg7 61. h4 gxh4+ 62. Kxh4 Rh7+ 63. Kg3 1-0

[Event "Kurpfalz op Seniors op 06th"]
[Site "Ludwigshafen"]
[Date "2000.10.05"]
[Round "5"]
[White "Minz, Michail"]
[Black "Pauly, Rolf"]
[Result "1-0"]
[WhiteElo "2021"]
[BlackElo "1719"]
[PlyCount "114"]
[EventDate "2000.10.01"]
[EventType "swiss"]
[EventRounds "7"]
[EventCountry "GER"]
[SourceTitle "EXT 2007"]
[Source "ChessBase"]
[SourceDate "2006.11.23"]
[SourceVersion "1"]
[SourceVersionDate "2006.11.23"]
[SourceQuality "1"]

1. e4 c5 2. Nc3 d6 3. g3 Nc6 4. Bg2 g6 5. d3 Bg7 6. Nge2 e6 7. 0-0 Nge7 8. f4 0-0 9. Be3 Nd4 10. Qd2 Rb8 11. Nd1 Nxe2+ 12. Qxe2 b6 13. Bd2 d5 14. Bc3 d4 15. Bd2 Qd7 16. b3 Rd8 17. a4 a5 18. Nb2 Ba6 19. g4 Re8 20. g5 Nc6 21. Be1 f5 22. gxf6 Bxf6 23. Bg3 Rbc8 24. Qg4 Re7 25. Bh4 Bxh4 26. Qxh4 Rg7 27. Qg3 Rf8 28. Bh3 Qd6 29. Qg4 Nd8 30. Nc4 Bxc4 31. bxc4 Rgf7 32. e5 Qd7 33. Bg2 Rg7 34. h4 Nf7 35. Bh3 Re8 36. Rfb1 Nh6 37. Qg5 Nf5 38. Rxb6 h6 39. Qg2 Rc8 40. Rab1 Qxa4 41. Rxe6 Ne3 42. Qe2 Rf8 43. Rf6 Rd8 44. Rbb6 Qe8 45. Rbe6 Qa4 46. Rxg6 Rb8 47. Rxg7+ Kxg7 48. Qf3 Rb1+ 49. Kh2 Qxc2+ 50. Bg2 Qxg2+ 51. Qxg2+ Nxg2 52. Kxg2 Rd1 53. h5 Rxd3 54. Re7+ Kf8 55. Ra7 Rc3 56. e6 Re3 57. f5 Rd3 1-0